| 000 | 00605nam a22001817a 4500 | ||
|---|---|---|---|
| 005 | 20240724145314.0 | ||
| 008 | 090826t xxu||||| |||| 00| 0 eng d | ||
| 010 | _aENG-140948 | ||
| 020 |
_a9789353477226 _c430.00 |
||
| 035 | _aEN-124480 | ||
| 037 | _bDBAD/PUB | ||
| 100 |
_aNaqvi , Mushtaq _963720 |
||
| 245 |
_aThe True Face Of Islam/ _cBy Naqvi Mushtaq |
||
| 260 |
_bLaburnum Press _aAllahabad _c2012 |
||
| 270 |
_a6, Drummond Road _bAllahabad _e211001 |
||
| 300 |
_a168pg; _c22cm(pbk) |
||
| 942 |
_2ddc _cEN _h270.26 _mMus |
||
| 999 |
_c204385 _d204385 |
||